| 000 | 00418nam a2200157Ia 4500 | ||
|---|---|---|---|
| 003 | GCL | ||
| 008 | 140319s9999 xx 000 0 eng d | ||
| 040 |
_aGCL / _cGCL |
||
| 082 | 0 | 4 |
_a808.025 _bL W |
| 100 | 1 | _aLESTER, JAMES. D | |
| 245 | 1 | 0 |
_aWRITING RESEARCH PAPERS / _cLESTER, JAMES. D |
| 260 |
_a[S.N] : _bSCOTT, FORESMAN AND COMPANY ، _c1984 |
||
| 300 | _a2980 P | ||
| 650 | 0 | 4 | _aREPORT WRITING |
| 942 |
_2ddc _cBK |
||
| 999 |
_c21845 _d21845 |
||